000 00656nam a22001935i 4500
001 54123
003 ES-MaACL
005 20250812062559.0
007 t|
008 960711m18621868fr ||||1| fre d
040 _aCAM
_bspa
_cCAM
100 1 _aFeuillet de Conches, Félix-Sébastien,
_d1798-1887
_950642
245 1 0 _aCauseries d'un curieux
_b: variétés d'histoire et d'art, tirées d'un cabinet d'autographes et de dessins /
_cpar F. Feuillet de Conches.
260 _aParis :
_bHenri Plon,
_c1862-1868.
300 _a4 v. :
_bil. ;
_c23 cm.
650 0 7 _aArte
_2embne
_910068
852 _aES-MaACL
_jG-13657-60
999 _c54123
_d54123